| 000 | 01294nam a2200145Ia 4500 | ||
|---|---|---|---|
| 008 | 220216s9999 xx 000 0 und d | ||
| 100 | _aHamzah Ahmad Bin | ||
| 245 | 0 | _aFlow of rubber in an internal mixer | |
| 260 |
_bJournal of Natural Rubber Research _c1987 |
||
| 300 | _a55-65 | ||
| 520 | _aVisualisation studies of the dynamics of flow of rubber were undertaken using a laboratory-scale Banbury mixer with a transparent chamber. This technique was developed at the Institute of Polymer Technology, University of Technology, Loughborough under the guidance of Mr. P.K. Freakley. The method proved to ber very informative; the flow pattern could be recorded and its complexity identified. By measuring pressure and the rheologiccal properties of rubber, the stress distribution inside the mixing chamber could be calculated. From the flow patten and stress distribution, the modes of mixing inside the chamber could be identified as follows. Dispersive mixing occurs in the region at and immediately in front of the rotor tips while distributive mixing occurs at the S-shaped and bridge regions. There are also voids in the chamber where no mixing occurs, but the formation of these voids helps to enhance distributive mixing. | ||
| 650 | _aFlow pattern | ||
| 650 | _aRubber | ||
| 942 | _cJS | ||
| 999 |
_c59476 _d59476 |
||